[Event "CHI-ch sf"]
[Site "Quilpue"]
[Date "2020.02.02"]
[Round "8"]
[White "Vargas Maliqueo, Ivan Patricio"]
[Black "Mesias Rojas, Rabindranath"]
[Result "0-1"]
[WhiteElo "1949"]
[BlackElo "2201"]
[PlyCount "96"]
[EventDate "2020.01.30"]
[EventType "swiss"]
[EventRounds "8"]
[EventCountry "CHI"]
[SourceTitle "CBM 194 Extra"]
[Source "ChessBase"]
[SourceDate "2020.03.31"]
[SourceVersion "1"]
[SourceVersionDate "2020.03.31"]
[SourceQuality "1"]

1. e4 c5 2. Nf3 g6 3. c4 Nc6 4. d4 cxd4 5. Nxd4 Nf6 6. Nxc6 bxc6 7. Nc3 Bg7 8. Be2 0-0 9. 0-0 d6 10. Bg5 Rb8 11. Rb1 Be6 12. Qa4 Qc7 13. Rfc1 a5 14. a3 Nd7 15. Be3 Nc5 16. Bxc5 dxc5 17. Qc2 Be5 18. g3 f5 19. f4 Bd4+ 20. Kg2 fxe4 21. Nxe4 Bf5 22. Bd3 e5 23. Rf1 Bxe4+ 24. Bxe4 exf4 25. Rxf4 Rxf4 26. gxf4 Qxf4 27. Bxc6 Qg4+ 28. Kh1 Rxb2 29. Qd1 Qxd1+ 30. Rxd1 Be5 31. Rd8+ Kg7 32. Ra8 Rxh2+ 33. Kg1 Rc2 34. Bd5 h5 35. Rxa5 h4 36. Ra7+ Kh6 37. Ra6 Rc3 38. a4 h3 39. a5 Rc1+ 40. Kf2 h2 41. Re6 Bd4+ 42. Kg3 h1Q 43. Bxh1 Rxh1 44. a6 Kg5 45. a7 Ra1 46. Re7 Ra3+ 47. Kg2 Kf4 48. Rf7+ Ke4 0-1

[Event "Temuco Momberg Memorial"]
[Site "Temuco"]
[Date "2019.09.29"]
[Round "5"]
[White "Mondaca Gonzalez, Alfredo"]
[Black "Vargas Maliqueo, Ivan Patricio"]
[Result "1/2-1/2"]
[WhiteElo "1855"]
[BlackElo "2010"]
[PlyCount "64"]
[EventDate "2019.09.27"]
[EventType "tourn"]
[EventRounds "7"]
[EventCountry "CHI"]
[SourceTitle "CBM 194 Extra"]
[Source "ChessBase"]
[SourceDate "2020.03.31"]
[SourceVersion "1"]
[SourceVersionDate "2020.03.31"]
[SourceQuality "1"]

1. c4 e5 2. g3 Nf6 3. Bg2 Nc6 4. Nc3 d6 5. d3 g6 6. e4 Bg7 7. Nge2 0-0 8. 0-0 Bg4 9. h3 Be6 10. Be3 Qd7 11. Kh2 Ne7 12. Qd2 c6 13. f4 Nh5 14. f5 gxf5 15. exf5 Nxf5 16. Rxf5 Bxf5 17. g4 Be6 18. gxh5 f5 19. Bh6 Rf7 20. Rg1 Kh8 21. Bf3 Rg8 22. Bxg7+ Rfxg7 23. h6 Rxg1 24. Nxg1 Qf7 25. Qf2 Qg6 26. Nce2 Qxh6 27. Qxa7 Qg7 28. Qe3 Qf6 29. b3 Ra8 30. a4 Rg8 31. Bg2 Qg6 32. Bf3 Qf6 1/2-1/2

[Event "Serrano Sertal 1st"]
[Site "Serrano"]
[Date "2015.09.01"]
[Round "1.13"]
[White "Vargas Maliqueo, Ivan Patricio"]
[Black "Perez Oses, Pedro"]
[Result "1-0"]
[WhiteElo "2167"]
[BlackElo "1701"]
[PlyCount "89"]
[EventDate "2015.09.01"]
[EventType "swiss"]
[EventRounds "7"]
[EventCountry "CHI"]
[SourceTitle "EXT 2024"]
[Source "ChessBase"]
[SourceDate "2023.10.10"]
[SourceVersion "1"]
[SourceVersionDate "2023.10.10"]
[SourceQuality "1"]

1. Nf3 Nf6 2. d4 d5 3. c4 e6 4. Nc3 c5 5. cxd5 exd5 6. g3 Nc6 7. Bg2 Be7 8. 0-0 0-0 9. Bg5 cxd4 10. Nxd4 h6 11. Be3 Re8 12. Qb3 Na5 13. Qc2 a6 14. Rad1 Be6 15. Nf5 Bf8 16. Bd4 Rc8 17. Ne3 b5 18. Qb1 Nc4 19. Nxc4 dxc4 20. Bb7 Rb8 21. Be5 Qb6 22. Bg2 Rbd8 23. Bxf6 gxf6 24. Nd5 Bxd5 25. Bxd5 Rxe2 26. Qg6+ Bg7 27. Qxf7+ Kh8 28. Rde1 Re5 29. Be4 f5 30. Bb1 Rf8 31. Qh5 Qf6 32. Re3 Qg5 33. Qf3 Rfe8 34. Rxe5 Bxe5 35. Qc6 Rg8 36. Re1 Bxb2 37. Qxa6 Qd2 38. Re3 Bg7 39. Bxf5 Rf8 40. Qg6 Qd1+ 41. Kg2 Qd5+ 42. Be4 Rxf2+ 43. Kxf2 Qd2+ 44. Kf3 Qd1+ 45. Kg2 1-0

[Event "Antofagasta Zicosur op 1st"]
[Site "Antofagasta"]
[Date "2015.01.10"]
[Round "9"]
[White "Zambrana, Oswaldo"]
[Black "Vargas Maliqueo, Ivan Patricio"]
[Result "1-0"]
[WhiteElo "2465"]
[BlackElo "2147"]
[PlyCount "89"]
[EventDate "2015.01.05"]
[EventType "swiss"]
[EventRounds "10"]
[EventCountry "CHI"]
[SourceTitle "CBM 164 Extra"]
[Source "ChessBase"]
[SourceDate "2015.03.02"]
[SourceVersion "1"]
[SourceVersionDate "2015.03.02"]
[SourceQuality "1"]

1. e4 c5 2. Nf3 d6 3. d4 cxd4 4. Nxd4 Nf6 5. Nc3 g6 6. Be3 Bg7 7. Qd2 0-0 8. 0-0-0 Nc6 9. f3 Bd7 10. g4 Rc8 11. Kb1 Ne5 12. h4 h5 13. gxh5 Nxh5 14. Bd3 Nc4 15. Bxc4 Rxc4 16. Nce2 a5 17. Rhg1 Kh7 18. b3 Rc8 19. Ng3 Nxg3 20. Rxg3 Be5 21. Rgg1 a4 22. h5 Rg8 23. hxg6+ Rxg6 24. Rxg6 fxg6 25. Rh1+ Kg8 26. Qg2 Qe8 27. f4 Bg7 28. f5 axb3 29. axb3 Rc3 30. Qh3 Kf8 31. Ne6+ Bxe6 32. fxe6 Qb5 33. Qf3+ Bf6 34. Rh8+ Kg7 35. Qh3 Rxb3+ 36. cxb3 Qxb3+ 37. Kc1 Qb2+ 38. Kd1 Qb3+ 39. Ke2 Qc2+ 40. Bd2 Qxe4+ 41. Kd1 Qa4+ 42. Ke1 Qe4+ 43. Kf1 Qc4+ 44. Kf2 Bd4+ 45. Ke1 1-0

[Event "Antofagasta Zicosur op 1st"]
[Site "Antofagasta"]
[Date "2015.01.06"]
[Round "2"]
[White "Vargas Maliqueo, Ivan Patricio"]
[Black "Valenzuela Gomez, Fernando Alberto"]
[Result "1-0"]
[WhiteElo "2147"]
[BlackElo "2226"]
[PlyCount "59"]
[EventDate "2015.01.05"]
[EventType "swiss"]
[EventRounds "10"]
[EventCountry "CHI"]
[SourceTitle "CBM 164 Extra"]
[Source "ChessBase"]
[SourceDate "2015.03.02"]
[SourceVersion "1"]
[SourceVersionDate "2015.03.02"]
[SourceQuality "1"]

1. d4 f5 2. Nf3 Nf6 3. c4 g6 4. g3 Bg7 5. Bg2 0-0 6. Nc3 d6 7. 0-0 c6 8. Qc2 Na6 9. a3 Qe8 10. Rd1 h6 11. b4 Be6 12. d5 cxd5 13. Nd4 Bf7 14. cxd5 Nc7 15. Bb2 Ncxd5 16. Nxf5 gxf5 17. Nxd5 Nxd5 18. Bxg7 Kxg7 19. Bxd5 Bxd5 20. Rxd5 Rc8 21. Qd3 Qf7 22. Rd1 Qf6 23. Qe3 b6 24. R1d4 Rc7 25. Qd3 h5 26. Kg2 Kg6 27. e4 fxe4 28. Qxe4+ Kh6 29. Qe3+ Kg6 30. Rf4 1-0

[Event "Buenos Aires Larsen Memorial"]
[Site "Buenos Aires"]
[Date "2011.08.25"]
[Round "3"]
[White "Altamirano, Benjamin"]
[Black "Vargas Maliqueo, Ivan Patricio"]
[Result "0-1"]
[WhiteElo "2240"]
[BlackElo "2198"]
[PlyCount "51"]
[EventDate "2011.08.24"]
[EventType "tourn"]
[EventRounds "9"]
[EventCountry "ARG"]
[EventCategory "3"]
[SourceTitle "CBM 144 Extra"]
[Source "ChessBase"]
[SourceDate "2011.10.28"]
[SourceVersion "1"]
[SourceVersionDate "2011.10.28"]
[SourceQuality "1"]

1. d4 Nf6 2. Bg5 Ne4 3. Bf4 d5 4. e3 e6 5. Bd3 Bd6 6. Bxd6 Qxd6 7. c3 e5 8. dxe5 Qxe5 9. Nf3 Qe7 10. Nbd2 0-0 11. 0-0 Nd7 12. Be2 Ndf6 13. Qb3 c5 14. Nxe4 dxe4 15. Nd2 Rd8 16. Rad1 Bg4 17. Bxg4 Nxg4 18. h3 Nf6 19. Qc4 Rab8 20. a4 b6 21. Nb3 Rd6 22. a5 Rbd8 23. Rxd6 Qxd6 24. axb6 axb6 25. Ra1 g5 26. Ra7 0-1